| 000 | 00704nmm a2200277 a 4500 | ||
|---|---|---|---|
| 003 | AR-BaBNM | ||
| 005 | 20251128205255.0 | ||
| 008 | 067019s1993 ||||||||||||||000 | spa|| | ||
| 020 | _a950-742-326-5 | ||
| 040 | _cAR-BaBNM | ||
| 100 | 1 | _aGrondona, Mariano | |
| 245 | 1 | 0 | _aLa corrupción |
| 250 | _a2ª ed. | ||
| 260 |
_aBuenos Aires _bPlaneta _c1993 |
||
| 300 | _a223 p. | ||
| 650 | 4 | _aCORRUPCION | |
| 650 | 4 | _aPARTICIPACION POLITICA | |
| 650 | 4 | _aCIENCIAS POLITICAS | |
| 650 | 4 | _aCOMPORTAMIENTO | |
| 650 | 4 | _aETICA POLITICA | |
| 650 | 4 | _aSOCIOLOGIA | |
| 700 | 1 |
_aGonzález Fraga, Javier _ecolaborador |
|
| 700 | 1 |
_aMoreno Ocampo, Luis _ecolaborador |
|
| 942 | _cBK | ||
| 998 | _cmariana | ||
| 999 |
_c10690 _d10690 |
||